Detalles MARC
| 000 -LEADER |
| fixed length control field |
01108nam a2200337 a 4500 |
| 001 - CONTROL NUMBER |
| control field |
009313 |
| 003 - CONTROL NUMBER IDENTIFIER |
| control field |
DO-SdBNP |
| 005 - DATE AND TIME OF LATEST TRANSACTION |
| control field |
20180202102222.0 |
| 007 - PHYSICAL DESCRIPTION FIXED FIELD--GENERAL INFORMATION |
| fixed length control field |
009313 |
| 008 - FIXED-LENGTH DATA ELEMENTS--GENERAL INFORMATION |
| fixed length control field |
090929s 1984 mx a 001 0 spa d |
| 040 ## - CATALOGING SOURCE |
| Original cataloging agency |
BNPHU |
| Language of cataloging |
spa |
| Transcribing agency |
BNPHU |
| 092 ## - LOCALLY ASSIGNED DEWEY CALL NUMBER (OCLC) |
| Classification number |
371.928 |
| Item number |
G155r |
| 100 1# - MAIN ENTRY--PERSONAL NAME |
| Personal name |
Galguera, Isabel. |
| 245 10 - TITLE STATEMENT |
| Title |
El retardo en el desarrollo : |
| Remainder of title |
teoría y práctica / |
| Statement of responsibility, etc. |
Isabel Galguera, Guillermo Hinojosa R., Edgar Galindo C. |
| 260 ## - PUBLICATION, DISTRIBUTION, ETC. (IMPRINT) |
| Place of publication, distribution, etc. |
México : |
| Name of publisher, distributor, etc. |
Trillas, |
| Date of publication, distribution, etc. |
1984. |
| 300 ## - PHYSICAL DESCRIPTION |
| Extent |
460 p. : |
| Other physical details |
il. ; |
| Dimensions |
25 cm. |
| 490 1# - SERIES STATEMENT |
| Series statement |
Aportaciones de la psicología a la educación especial |
| 500 ## - GENERAL NOTE |
| General note |
Incluye índice onomático |
| 500 ## - GENERAL NOTE |
| General note |
|
| 504 ## - BIBLIOGRAPHY, ETC. NOTE |
| Bibliography, etc |
Bibliografía : 444-446 p. |
| 650 ## - SUBJECT ADDED ENTRY--TOPICAL TERM |
| Topical term or geographic name as entry element |
Educación de niños con discapacidades. |
| 650 ## - SUBJECT ADDED ENTRY--TOPICAL TERM |
| Topical term or geographic name as entry element |
Educación especial |
| 650 ## - SUBJECT ADDED ENTRY--TOPICAL TERM |
| Topical term or geographic name as entry element |
Psicopedagogía. |
| 700 1# - ADDED ENTRY--PERSONAL NAME |
| Personal name |
Hinojosa Rivero, Guillermo. |
| 700 1# - ADDED ENTRY--PERSONAL NAME |
| Personal name |
Galindo Cota, Edgar Anibal. |
| 830 #0 - SERIES ADDED ENTRY--UNIFORM TITLE |
| Uniform title |
Aportaciones de la psicología a la educación especial |
| 910 ## - USER-OPTION DATA (OCLC) |
| User-option data |
|
| 942 ## - ADDED ENTRY ELEMENTS (KOHA) |
| Source of classification or shelving scheme |
Dewey Decimal Classification |
| Koha item type |
Libros |
| 945 ## - LOCAL PROCESSING INFORMATION (OCLC) |
| a |
Inventariado, 2018 /LP |
| 956 ## - LOCAL ELECTRONIC LOCATION AND ACCESS (OCLC) |
| Host name |
VMATEO |
| Access number |
10 |
| Compression information |
20160607 |
| Logon |
BPMSU |
| Processor of request |
00069 |